[Event "Steyr Landesliga 1213"]
[Site "Austria"]
[Date "2013.04.27"]
[Round "10.5"]
[White "Korom, Johann"]
[Black "Maninger, Ernst"]
[Result "1-0"]
[WhiteElo "1912"]
[BlackElo "1966"]
[PlyCount "75"]
[EventDate "2012.09.22"]
[EventType "team-tourn"]
[EventRounds "11"]
[EventCountry "AUT"]
[SourceTitle "EXT 2014"]
[Source "ChessBase"]
[SourceDate "2013.11.20"]
[SourceVersion "1"]
[SourceVersionDate "2013.11.20"]
[SourceQuality "1"]
[WhiteTeam "Graz Post"]
[BlackTeam "Graz Strassenbahn"]
[WhiteTeamCountry "AUT"]
[BlackTeamCountry "AUT"]

1. e4 d5 2. exd5 Nf6 3. c4 c6 4. d4 cxd5 5. Nc3 Nc6 6. Nf3 e6 7. c5 Be7 8. Bd3 0-0 9. 0-0 b6 10. Bb5 Nb8 11. b4 bxc5 12. bxc5 Ba6 13. Bxa6 Nxa6 14. Qa4 Nc7 15. Ne5 Qc8 16. Bf4 Re8 17. Rab1 Ne4 18. Rfc1 g5 19. Be3 f6 20. Nd3 h6 21. Ne2 f5 22. Rc2 f4 23. Bc1 Bf8 24. f3 Nf6 25. Ne5 Rd8 26. Rcb2 Nd7 27. Nc6 Re8 28. Nxa7 Qd8 29. Rb7 Nxc5 30. dxc5 Bxc5+ 31. Kf1 Qd6 32. Qc6 Qxc6 33. Nxc6 Na6 34. Ne5 Nb4 35. a3 Nc2 36. Rc7 Ne3+ 37. Bxe3 Bxe3 38. Rbb7 1-0

[Event "AUT-chT2S 9394"]
[Site "Austria"]
[Date "1994.??.??"]
[Round "?"]
[White "Spindelboeck, Gernot"]
[Black "Maninger, Ernst"]
[Result "1/2-1/2"]
[WhiteElo "1980"]
[BlackElo "2015"]
[PlyCount "40"]
[EventDate "1993.??.??"]
[EventType "team-tourn"]
[EventRounds "11"]
[EventCountry "AUT"]
[SourceTitle "EXT 1998"]
[Source "ChessBase"]
[SourceDate "1997.11.17"]
[SourceVersion "1"]
[SourceVersionDate "1997.11.17"]
[SourceQuality "1"]

1. e4 e5 2. Nf3 Nf6 3. Nc3 Nc6 4. Bb5 d6 5. d4 exd4 6. Nxd4 Bd7 7. Nxc6 Bxc6 8. Bxc6+ bxc6 9. 0-0 Be7 10. Bf4 Nd7 11. Ne2 Bg5 12. Bxg5 Qxg5 13. Nd4 Qc5 14. Nf5 g6 15. Qd4 f6 16. Qxc5 Nxc5 17. Nd4 Kd7 18. Rfe1 Rhe8 19. f3 Rab8 20. b3 Re7 1/2-1/2